00479nmm a2200145Ia 4500008004100000020001800041041000800059100002000067245006800087264005100155300001800206490003500224650002400259856005000283251105s9999||||xx |||||||||||||||||und|| a9788497426589 aspa aBlasco, Eusebio 0aMadrid por dentro y por fuera :b Guía de forasteros incautos a[Madrid, España] :bBiblioteca Nueva, c2008 a512 páginas aClásicos de Biblioteca Nueva aGeography (General) uhttps://public.digitaliapublishing.com/a/5384